000 00314nam a2200133Ia 4500
008 200103s9999||||xx |||||||||||||| ||und||
040 _aIMU-MPC
082 _aColumn-23
100 _aSohon, Harry
245 0 _aEngineering Mathematics
260 _bD. Van Nostrand Company
_c1949
300 _avi, 278
942 _cBK
999 _c6853
_d6853